|
|
|
|
| LEADER |
02365nam a2200625 i 4500 |
| 001 |
nkc20132470562 |
| 003 |
CZ PrNK |
| 005 |
20210317114943.0 |
| 007 |
ta |
| 008 |
130701s2013 xr e 000 0 cze |
| 015 |
|
|
|a cnb002470562
|
| 020 |
|
|
|a 978-80-87785-02-7
|q (brožováno)
|
| 035 |
|
|
|a (OCoLC)857952497
|
| 040 |
|
|
|a ABA001
|b cze
|e rda
|
| 072 |
|
7 |
|a 613
|x Hygiena. Lidské zdraví
|2 Konspekt
|9 14
|
| 080 |
|
|
|a 316.346.32-053.9
|2 MRF
|
| 080 |
|
|
|a 612.67
|2 MRF
|
| 080 |
|
|
|a 316.728-021.465
|2 MRF
|
| 080 |
|
|
|a 613/614
|2 MRF
|
| 080 |
|
|
|a 613.88
|2 MRF
|
| 080 |
|
|
|a (082)
|2 MRF
|
| 100 |
1 |
|
|a Budinský, Václav,
|d 1948-
|7 xx0008777
|4 aut
|
| 245 |
1 |
0 |
|a Příjemný zralý věk /
|c Václav Budinský, Pavel Horák, Jiří T. Kotalík, Vladimír Smejkal, Milan Šamánek, Jiřina Šiklová, Igor Tomeš, Zuzana Urbanová, Jaroslav Zvěřina
|
| 250 |
|
|
|a 1. vydání
|
| 264 |
|
1 |
|a Praha :
|b Alfom,
|c 2013
|
| 300 |
|
|
|a 225 stran ;
|c 21 cm
|
| 336 |
|
|
|a text
|b txt
|2 rdacontent
|
| 337 |
|
|
|a bez média
|b n
|2 rdamedia
|
| 338 |
|
|
|a svazek
|b nc
|2 rdacarrier
|
| 650 |
0 |
7 |
|a senioři
|7 ph117267
|2 czenas
|
| 650 |
0 |
7 |
|a stárnutí
|7 ph126175
|2 czenas
|
| 650 |
0 |
7 |
|a kvalita života
|7 ph198739
|2 czenas
|
| 650 |
0 |
7 |
|a zdraví
|7 ph127590
|2 czenas
|
| 650 |
0 |
7 |
|a sexualita
|7 ph116134
|2 czenas
|
| 650 |
0 |
9 |
|a older people
|2 eczenas
|
| 650 |
0 |
9 |
|a aging
|2 eczenas
|
| 650 |
0 |
9 |
|a quality of life
|2 eczenas
|
| 650 |
0 |
9 |
|a health
|2 eczenas
|
| 650 |
0 |
9 |
|a sexuality
|2 eczenas
|
| 655 |
|
7 |
|a sborníky
|7 fd163935
|2 czenas
|
| 655 |
|
9 |
|a papers of several authors
|2 eczenas
|
| 700 |
1 |
|
|a Horák, Pavel,
|d 1957-
|7 jo2002105216
|4 aut
|
| 700 |
1 |
|
|a Kotalík, Jiří T.,
|d 1951-2020
|7 jn99240000502
|4 aut
|
| 700 |
1 |
|
|a Smejkal, Vladimír,
|d 1955-
|7 jn20001227562
|4 aut
|
| 700 |
1 |
|
|a Šamánek, Milan,
|d 1931-2020
|7 jk01122467
|4 aut
|
| 700 |
1 |
|
|a Šiklová, Jiřina,
|d 1935-2021
|7 jk01122892
|4 aut
|
| 700 |
1 |
|
|a Tomeš, Igor,
|d 1931-2018
|7 jk01132713
|4 aut
|
| 700 |
1 |
|
|a Urbanová, Zuzana,
|d 1953-
|7 jn99240001224
|4 aut
|
| 700 |
1 |
|
|a Zvěřina, Jaroslav,
|d 1942-
|7 jn20000402765
|4 aut
|
| 910 |
2 |
|
|a BOA001
|b 2-1311.826
|
| 990 |
|
|
|a BK
|
| 995 |
|
|
|a 01
|
| 991 |
|
|
|b 201311
|c NOV
|e n
|
| 996 |
6 |
|
|b 2610568851
|c 2-1311.826
|l MZK
|r Sklad / do 1 hodiny
|n 2
|p p.v.
|w 001379051
|u 000010
|a 1
|e BOA001
|j MZK50
|s P
|
| 996 |
6 |
|
|b 2610576296
|c 2-1311.826
|l MZK
|r STM 6p
|n 0
|p kup
|h 613.98 PŘÍ
|w 001379051
|u 000020
|a 0
|e BOA001
|j MZK50
|s P
|